000 00337nam a2200145Ia 4500
008 230917s9999||||xx |||||||||||||| ||und||
040 _e61651
_aMAIN
041 _aEnglish
082 _a843.6 B219E
100 _aBalzac, Honore de
245 0 _aEugenie Grandet
260 _aLondon
_bDent
_c1968
300 _axv, 235 p.
942 _cBK
999 _c180562
_d180562